Economics /

Detalles Bibliográficos
Autor Principal: Arnold, Roger A.
Formato: Libro
Idioma:English
Publicado: Mason, OH, USA : Thomson South-Western, c2010.
Edición:International edition.
Subjects:
Classic Catalogue: View this record in Classic Catalogue
LEADER 02930nam a2200349 a 4500
001 0021384
003 BD-DhAAL
008 101018s2010 ohua 001 0 eng d
010 |a  2006938030 
020 |a 0324785682 
020 |a 9780324785685 
020 |a 9780324538014 
020 |a 0324538014 
040 |a DLC  |c DLC  |d DLC  |d BD-DhAAL 
082 0 0 |a 330  |2 23 
100 1 |a Arnold, Roger A.  |9 59229 
245 1 0 |a Economics /  |c Roger A. Arnold. 
250 |a International edition. 
260 |a Mason, OH, USA :  |b Thomson South-Western,  |c c2010. 
300 |a xxxii, 826 p. :  |b ill. (some col.) ;  |c 26 cm 
500 |a Includes index. 
526 |a ESS  |x Fahim Subhan Chowdhury Research Associate Department of Economics and Social Sciences (ESS) BRAC University Course No. : ECO 105 
541 |a Essence Science Publications  |e 0021384 
650 0 |a Economics. 
852 4 |a yesha Abed Library  |c General Stacks 
942 0 0 |0 2  |2 ddc  |c BK 
999 |c 9822  |d 9822 
952 |0 0  |1 0  |2 ddc  |4 0  |6 330_ARN_201000000000000  |7 0  |9 12549  |a BRACUL  |b BRACUL  |c GEN  |d 2010-10-18  |e Essence Science Publications  |g 4700.00  |l 13  |m 119  |o 330 ARN  |p 3010021384  |r 2024-10-16  |s 2024-10-01  |t 1  |v 9400.00  |w 2010-10-18  |y BK  |x Requisitioned by Requisitioned by Fahim Subhan Chowdhury (Research Associate, Department of Economics and Social Sciences (ESS), BRAC University) for the course no. 'ECO 105' 
952 |0 0  |1 4  |2 ddc  |4 0  |6 330_000000000000000_ARN  |7 0  |9 12550  |a BRACUL  |b BRACUL  |d 2010-10-18  |e Essence Science Publications  |g 4700.00  |l 10  |m 27  |o 330 ARN  |p 3010021385  |r 2014-03-20  |s 2014-03-11  |t 2  |v 9400.00  |w 2010-10-18  |y BK  |x Koha Inventory 2020 ; Requisitioned by Requisitioned by Fahim Subhan Chowdhury (Research Associate, Department of Economics and Social Sciences (ESS), BRAC University) for the course no. 'ECO 105' 
952 |0 0  |1 0  |2 ddc  |4 0  |6 330_ARN_201000000000000  |7 0  |9 12551  |a BRACUL  |b BRACUL  |c GEN  |d 2010-10-18  |e Essence Science Publications  |g 4700.00  |l 14  |m 82  |o 330 ARN  |p 3010021386  |r 2019-01-12  |s 2018-10-11  |t 3  |v 9400.00  |w 2010-10-18  |y BK  |x Requisitioned by Requisitioned by Fahim Subhan Chowdhury (Research Associate, Department of Economics and Social Sciences (ESS), BRAC University) for the course no. 'ECO 105' 
952 |0 0  |1 0  |2 ddc  |4 0  |6 330_ARN_201000000000000  |7 0  |9 12552  |a BRACUL  |b BRACUL  |c GEN  |d 2010-10-18  |e Essence Science Publications  |g 4700.00  |l 19  |m 153  |o 330 ARN  |p 3010021387  |r 2025-07-16  |s 2025-03-04  |t 4  |v 9400.00  |w 2010-10-18  |y BK  |x Requisitioned by Requisitioned by Fahim Subhan Chowdhury (Research Associate, Department of Economics and Social Sciences (ESS), BRAC University) for the course no. 'ECO 105' 
952 |0 0  |1 0  |2 ddc  |4 0  |6 330_ARN_201000000000000  |7 0  |9 12553  |a BRACUL  |b BRACUL  |c GEN  |d 2010-10-18  |e Essence Science Publications  |g 4700.00  |l 12  |m 115  |o 330 ARN  |p 3010021388  |r 2025-07-22  |s 2025-03-01  |t 5  |v 9400.00  |w 2010-10-18  |y BK  |x Requisitioned by Requisitioned by Fahim Subhan Chowdhury (Research Associate, Department of Economics and Social Sciences (ESS), BRAC University) for the course no. 'ECO 105'